|
|
|
|
| LEADER |
01038nam a22002657a 4500 |
| 001 |
29942 |
| 003 |
BD-DhAAL |
| 005 |
20150910155328.0 |
| 008 |
150903s1992 bg a|||| |||| 00| 0 eng d |
| 040 |
|
|
|a BD-DhAAL
|c BD-DhAAL
|
| 082 |
|
|
|2 22
|a 307.1412095492
|
| 999 |
|
|
|c 35505
|d 35505
|
| 999 |
|
|
|c 35505
|
| 999 |
|
|
|c 35428
|
| 245 |
|
|
|a Rural Development Programme (RDP) & Rural Credit Project (RCP) :
|b half yearly report, June 1992
|c 1992
|
| 260 |
|
|
|a Dhaka :
|b BRAC,
|c 1992
|
| 300 |
|
|
|a 72 p. :
|b ill. ;
|c 27 cm.
|
| 541 |
|
|
|e 29942
|
| 610 |
|
|
|a BRAC
|9 14397
|
| 650 |
|
|
|a Rural Development
|z Bangladesh
|9 14398
|
| 710 |
|
|
|a BRAC
|9 14397
|
| 852 |
|
|
|a Ayesha Abed Library
|c BRAC Resource Section
|
| 942 |
|
|
|2 ddc
|c BK
|
| 952 |
|
|
|0 0
|1 0
|2 ddc
|4 0
|6 307_141209549200000_RUR
|7 0
|9 55840
|a BRACUL
|b BRACUL
|c BRS
|d 2015-09-10
|e BRAC
|l 0
|o 307.1412095492 RUR
|p 3010029942
|r 2015-09-10
|t 1
|w 2015-09-10
|y BK
|
| 952 |
|
|
|0 0
|1 0
|2 ddc
|4 0
|6 307_141209549200000_RUR
|7 0
|9 55841
|a BRACUL
|b BRACUL
|c BRS
|d 2015-09-10
|e BRAC
|l 0
|o 307.1412095492 RUR
|p 3010029943
|r 2015-09-10
|t 2
|w 2015-09-10
|y BK
|